000 00375nam a2200169Ia 4500
100 _aChopra/Sunil/ Meindl/Peter
650 _aSupply Chain Management
250 _a5
942 _cBK
366 _f25
245 _aSupply Chain Management
260 _bPearson Education
_c2013
082 _a658.7
_bCHO
300 _a557
546 _aENGLISH
_cInfo.Tech
999 _c24385
_d24385